QUORUM : (Registro nro. 21754)

Detalles MARC
000 -Cabecera
Campo de control interno 02159nam a2200217Ia 4500
005 - Fecha y hora del registro
control field 20260407123709.0
008 - Elementos de Longitud Fija
fixed length control field 260320s9999||||xx |||||||||||||| ||und||
041 ## - Idioma
Codigo Idioma ESP
082 ## - DEWEY y NOTACIÓN INTERNA
Dewey HR 340 SET 2025
Notación Interna QUORUM
110 ## - AUTOR INSTTITUCIONAL
Autor Institucional Estudio Muñiz
245 #0 - TÍTULO DE MATERIAL BIBLIOGRÁFICO
Título QUORUM :
Título paralelo una revista del Estudio Muñiz
260 ## - CIUDAD, EDITORIAL, AÑO
Ciudad Arequipa :
Nombre de la Editorial Estudio Muñiz
Año 2025
300 ## - DESCRIPCIÓN
N° Páginas 32 páginas :
Otros detalles fotografías ;
Dimensiones 29 cm.
505 ## - TABLA DE CONTENIDO
Tabla de Contenido N° 36 (2025) CONTENIDO - Marco Zegarra Díaz. Sede Arequipa Contratos temporales en colegios privados: ¿legalidad o abuso? - Eduardo Hurtado Salas. Sede Arequipa Una medida correctiva necesaria, dentro de la convivencia escolar - Melch Núñez Vera. Sede Arequipa Compliance en datos personales en el sector educativo - María Casaperalta Ortega. Sede Arequipa La vulneración del derecho a la educación como contravención frente al interés superior del niño - Paolo Delgado Flores Sede Arequipa Medidas legales aplicables por colegios ante impago de pensiones educativas - Diana Machaca Mamani. Sede Arequipa La desnaturalización laboral al amparo de la Ley Universitaria N.° 30220 - Tatiana Pinazo Cárdenas Sede Arequipa Sanción y educación: ¿Dónde está el límite constitucional? - Ximena Moreno Mendoza Sede Arequipa La inscripción registral como requisito de validez institucional educativa privada - Wilmer Cortez Napan Sede Arequipa Tributación educativa: Oportunidades, contingencias y recomendaciones para las instituciones educativas - Samuel Flores Marca Sede Juliaca La educación inclusiva en Perú: Desafíos legales y normativos - Colegio San José Karla Alarcón Concha Autor Invitado Educar en Derechos Humanos en las Escuelas - Colegio Domingo Savio Manuel Mamani Huanca Autor Invitado Educación en la Era Digital: La innovación como imperativo y desafío - Colegio Anglo Americano Prescott Fernando Salas Heresi Autor Invitado Comprometidos con una Educación de Excelencia y sin Fines de Lucro
650 ## - TEMAS
Temas Ciencias Sociales
653 ## - DESCRIPTORES
Lenguajes no controlado Derecho - Revista
654 ## - PROGRAMAS
Programa Dpto. de Derecho y Ciencia Política
856 ## - URL - UBICACIÓN
URI/URL: Enlace exacto del recurso <a href="https://app-vlex-com.ucsp.lookproxy.com/">https://app-vlex-com.ucsp.lookproxy.com/</a>
Nota pública: Versión digital <a href="Véase además: Base de datos Vlex">Véase además: Base de datos Vlex</a>
942 ## - ELEMENTOS DE KOHA
Tipo de documento Revista
Nombre del creador Justo Noguera
Código de catalogador Margarita Torres
Esquema de clasificación Dewey Decimal Classification
Existencias
Codigo completo Registro Colección Copia número Disponibilidad Tipo de préstamo Biblioteca Actual Procedencia (Biblioteca) Ubicacón Fecha Ingreso Tipo de Adquisición Date last seen Total checkouts Price effective from Tipo de Item Estado del Material Fuente de Clasificación Damaged status Withdrawn status
HR 340 SET 2025 QUORUM 1085307 Universidad Católica San Pablo 1 Disponible Disponible Víctor Andrés Belaunde Víctor Andrés Belaunde Planta baja abierta 07/04/2026 Donación 07/04/2026   07/04/2026 Revista Bueno Dewey Decimal Classification